LDR 01232nam a2200265 a 4500 001 000000173075 003 CaOOAMICUS 005 20200124113542.0 008 200124s2019 it d frm z000 u ita r 032 $aLibriCat 040 $aPUL$bita 100 1 $aRinaldi, Angela,$d1990-$0(OLS)http://pul/name/111172 245 10$aMinori stranieri non accompagnati in Italia :$bcooperazione sussidiaria e tutela della persona umana /$cAngela Rinaldi. 260 $aRoma :$b[s.n.],$c2019. 300 $a220 p. : $bgraf. ; $c24 cm 502 $aEstratto di Tesi -- Pontificia Università Gregoriana--Facoltà di Scienze Sociali, 2018. 504 $aBibliografia: p. [179]-218. 650 4$aMinori$xTutela.$0(OLS)http://pul/subject/19963 710 2 $aPontificia Università Gregoriana.$bFacoltà di scienze sociali.$kTesi.$0(OLS)http://pul/name/35944 850 $aPUL 852 $aPUL$W1$xDP1 Tesi Pon. Univ. Gregoriana$y40$m2019 F 1$j195193$qTesi$B201833$CPULBib$Z2$F201833 $82 941 1 $a16 996 $6245$aMinori stranieri non accompagnati in Italia :$bcooperazione sussidiaria e tutela della persona umana$9(OLS)http://pul/title/214121 996 $6260$aRoma :$b[s.n.]$9(OLS)http://pul/publisher/47958